[Event "5. ODEM U25 2008"]
[Site "Willingen GER"]
[Date "2008.05.16"]
[Round "8"]
[White "Gerntke, Oliver"]
[Black "Lang, Stephan"]
[Result "1-0"]
[Termination "normal"]
[Board "40"]
[WhiteElo "1796"]
[BlackElo "1451"]
[PlyCount "65"]
[WhiteFideId "24647977"]
[BlackFideId "24692557"]
[EventCountry "GER"]
[EventRounds "9"]
[EventType "swiss"]
[EventDate "2008.05.10"]

1. d4 d5 2. c4 Nf6 3. Nc3 e6 4. cxd5 exd5 5. Bg5 Bb4 6. e3 O-O 7. Qc2 Qd6 8.
Bf4 Bxc3+ 9. bxc3 Qc6 10. Bd3 h6 11. Nf3 Nbd7 12. h3 Re8 13. a4 a6 14. O-O Ne4
15. c4 dxc4 16. Qxc4 Qxc4 17. Bxc4 c6 18. Bd3 Ndf6 19. Ne5 Be6 20. Rfc1 Nd2 21.
Rc2 Nb3 22. Rb1 b5 23. Rxc6 Bc4 24. Bxc4 bxc4 25. Nxc4 Rac8 26. Rxc8 Rxc8 27.
Rxb3 Rxc4 28. a5 Ra4 29. Bc7 Nd5 30. Bb6 Rb4 31. Rxb4 Nxb4 32. Kf1 Kf8 33. Bc5+
1-0

[Event "5. ODEM U25 2008"]
[Site "Willingen GER"]
[Date "2008.05.16"]
[Round "8"]
[White "Reksten, Daniel"]
[Black "Münch, Marlene"]
[Result "1/2-1/2"]
[Termination "normal"]
[Board "41"]
[WhiteElo "1400"]
[BlackElo "1674"]
[PlyCount "74"]
[WhiteFideId "24692590"]
[BlackFideId "24639222"]
[EventCountry "GER"]
[EventRounds "9"]
[EventType "swiss"]
[EventDate "2008.05.10"]

1. e4 e6 2. d4 d5 3. e5 c5 4. c3 Nc6 5. Nf3 cxd4 6. cxd4 f6 7. Bb5 Bd7 8. exf6
Nxf6 9. O-O Bd6 10. Re1 O-O 11. Bg5 Qc7 12. Nc3 Ng4 13. h3 Bh2+ 14. Kf1 Nxf2
15. Kxf2 Qg3+ 16. Kf1 Qxg5 17. Na4 Bd6 18. Rc1 Qf6 19. Bxc6 Bxc6 20. Nc5 Bxc5
21. Rxc5 a6 22. Kg1 Rac8 23. Rc1 Rc7 24. b3 Rfc8 25. Ne5 Bb5 26. Qd2 Qf5 27.
Rxc7 Rxc7 28. Rc1 Re7 29. Rc8+ Re8 30. Qc3 Qf8 31. Rc7 Qf1+ 32. Kh2 Rf8 33. Qg3
Qf6 34. Rxb7 g6 35. Ng4 Qf4 36. Ne5 g5 37. Re7 Rf6 1/2-1/2

[Event "5. ODEM U25 2008"]
[Site "Willingen GER"]
[Date "2008.05.16"]
[Round "8"]
[White "Bauer, Hermann"]
[Black "Nobis, Philipp"]
[Result "1-0"]
[Termination "normal"]
[Board "43"]
[WhiteElo "1549"]
[BlackElo "1260"]
[PlyCount "71"]
[WhiteFideId "24601730"]
[BlackFideId "24602183"]
[EventCountry "GER"]
[EventRounds "9"]
[EventType "swiss"]
[EventDate "2008.05.10"]

1. d4 d5 2. Bf4 c6 3. c3 Bf5 4. e3 Nf6 5. Nf3 e6 6. Nbd2 Nbd7 7. Ne5 Be7 8. g4
Bg6 9. h4 Ne4 10. h5 Nxd2 11. hxg6 Nxe5 12. Bxe5 f6 13. Rxh7 Kd7 14. Qxd2 fxe5
15. dxe5 Rxh7 16. gxh7 Qa5 17. Bd3 Rd8 18. Ke2 Qa4 19. f4 c5 20. Rh1 Rh8 21. b3
Qa5 22. f5 b5 23. fxe6+ Kxe6 24. Bg6 c4 25. b4 Qb6 26. Rf1 Kxe5 27. Rf5+ Kd6
28. Qxd5+ Kc7 29. Qe5+ Kd7 30. Qxg7 Qa6 31. Qxh8 Qxg6 32. Qd4+ Kc7 33. h8=Q Bf6
34. Qhxf6 Qg8 35. Qg7+ Kc8 36. Qf8+ 1-0

[Event "5. ODEM U25 2008"]
[Site "Willingen GER"]
[Date "2008.05.16"]
[Round "8"]
[White "Berger, Manuel"]
[Black "Schirra, Felix"]
[Result "0-1"]
[Termination "normal"]
[Board "44"]
[WhiteElo "1541"]
[BlackElo "1197"]
[PlyCount "108"]
[WhiteFideId "24692506"]
[BlackFideId "24692662"]
[EventCountry "GER"]
[EventRounds "9"]
[EventType "swiss"]
[EventDate "2008.05.10"]

1. c4 c5 2. Nc3 Nc6 3. g3 g6 4. Bg2 Bg7 5. e3 Nf6 6. Nge2 O-O 7. d4 d6 8. O-O
a6 9. h3 Bd7 10. a3 Rb8 11. b4 cxb4 12. axb4 Nxb4 13. Rb1 Nc6 14. f4 Qc7 15. g4
Na7 16. Qd3 b5 17. c5 dxc5 18. dxc5 Qxc5 19. g5 Bf5 20. Qd4 Qxd4 21. Nxd4 Bxb1
22. Nxb1 Nd7 23. Bd2 Bxd4 24. exd4 Rfd8 25. d5 Nc8 26. Bb4 Nd6 27. Re1 Re8 28.
Nc3 Ra8 29. Ra1 Rec8 30. Bxd6 exd6 31. Ne4 Rc4 32. Nxd6 Rxf4 33. Nxb5 a5 34.
Ra2 a4 35. Kh2 Rb4 36. Nc3 a3 37. d6 Ra6 38. Bf1 Ra5 39. Bd3 Rb2+ 40. Rxb2 axb2
41. Bb1 Rxg5 42. Ne4 Rd5 43. h4 f5 44. Nc3 Rxd6 45. Nb5 Rd2+ 46. Kg3 Nc5 47.
Kf4 Na4 48. Kg5 Rg2+ 49. Kh6 f4 50. Ba2+ Kh8 51. h5 gxh5 52. Nd6 Rg6+ 53. Kxh5
Rxd6 54. Kg4 Nc3 0-1

[Event "5. ODEM U25 2008"]
[Site "Willingen GER"]
[Date "2008.05.16"]
[Round "8"]
[White "Zuferi, Enis"]
[Black "Kuckling, Linus"]
[Result "1-0"]
[Termination "normal"]
[Board "45"]
[WhiteElo "1462"]
[BlackElo "1181"]
[PlyCount "103"]
[WhiteFideId "24692530"]
[BlackFideId "24658243"]
[EventCountry "GER"]
[EventRounds "9"]
[EventType "swiss"]
[EventDate "2008.05.10"]

1. Nf3 Nc6 2. c4 Nf6 3. Nc3 e5 4. d3 Be7 5. g3 O-O 6. Bg2 d6 7. O-O Bd7 8. Bd2
Rb8 9. a3 Qc8 10. Re1 Bh3 11. Bh1 Nd4 12. Nxd4 exd4 13. Nb5 c6 14. Nxd4 Qd7 15.
Bf4 Rbd8 16. Rb1 d5 17. Nf3 dxc4 18. dxc4 Bf5 19. Qxd7 Rxd7 20. Rbd1 Rfd8 21.
Rxd7 Rxd7 22. Ne5 Rd8 23. Bf3 h6 24. b4 c5 25. b5 Ne4 26. Ng4 Nd2 27. Bxd2 Rxd2
28. Ne3 Bg6 29. Bxb7 Ra2 30. Nd5 Bd8 31. e4 Rxa3 32. e5 Ra4 33. e6 fxe6 34.
Rxe6 Kf7 35. Rd6 Bg5 36. f4 Bf6 37. Nxf6 gxf6 38. Bd5+ Kf8 39. Rxf6+ Kg7 40.
Re6 Ra1+ 41. Kf2 Ra2+ 42. Re2 Ra1 43. g4 Ra4 44. f5 Bf7 45. Re7 Ra2+ 46. Kg3
Ra3+ 47. Kf4 h5 48. Rxf7+ Kh8 49. Kg5 hxg4 50. Kg6 Kg8 51. Rf6+ Kh8 52. Rf8#
1-0

[Event "5. ODEM U25 2008"]
[Site "Willingen GER"]
[Date "2008.05.16"]
[Round "8"]
[White "Brand, Benedikt"]
[Black "Laqua, Stefan"]
[Result "1/2-1/2"]
[Termination "normal"]
[Board "47"]
[WhiteElo "1314"]
[BlackElo "1684"]
[PlyCount "108"]
[WhiteFideId "24683744"]
[BlackFideId "4674634"]
[EventCountry "GER"]
[EventRounds "9"]
[EventType "swiss"]
[EventDate "2008.05.10"]

1. e4 e6 2. d4 d5 3. exd5 exd5 4. Bd3 Bd6 5. Nf3 Nc6 6. c3 Bg4 7. O-O Nge7 8.
Bg5 f6 9. Be3 Qd7 10. Nbd2 g5 11. h3 Bh5 12. Qc2 O-O-O 13. Rfe1 g4 14. Nh4 Bg6
15. hxg4 Bxd3 16. Qxd3 Qxg4 17. Ndf3 Rdg8 18. a4 Qh3 19. b4 Rxg2+ 20. Kf1 Rg4+
21. Ke2 Rxh4 22. Nxh4 Qxh4 23. Rh1 Qg4+ 24. Kd2 h5 25. Rag1 Qf3 26. Rh4 Nf5 27.
Rf4 Bxf4 28. Qxf5+ Kb8 29. Qxf4 Qxf4 30. Bxf4 Nd8 31. Rg6 Ne6 32. Rxf6 Nxf4 33.
Rxf4 h4 34. Rg4 h3 35. Rg1 h2 36. Rh1 Rh3 37. f3 Rxf3 38. Rxh2 a6 39. Re2 Kc8
40. Re5 c6 41. Re3 Rf7 42. a5 Kc7 43. Re6 b6 44. Re1 bxa5 45. bxa5 Kd6 46. Kc2
c5 47. dxc5+ Kxc5 48. Kd3 Rf6 49. Re8 Rh6 50. Rc8+ Kb5 51. Kd4 Rc6 52. Rxc6
Kxc6 53. c4 dxc4 54. Kxc4 Kd6 1/2-1/2

[Event "5. ODEM U25 2008"]
[Site "Willingen GER"]
[Date "2008.05.16"]
[Round "8"]
[White "Bangert, Benjamin"]
[Black "Kostka, Daniel"]
[Result "0-1"]
[Termination "normal"]
[Board "48"]
[WhiteElo "1227"]
[BlackElo "1572"]
[PlyCount "88"]
[WhiteFideId "24692654"]
[EventCountry "GER"]
[EventRounds "9"]
[EventType "swiss"]
[EventDate "2008.05.10"]

1. c4 e6 2. Nc3 Nf6 3. Nf3 d5 4. cxd5 exd5 5. d4 Bd6 6. Bg5 Be6 7. e3 Nbd7 8.
Bd3 h6 9. Bh4 c6 10. O-O Qc7 11. Bg3 Bxg3 12. fxg3 O-O 13. Qc2 Rac8 14. b4 Rfe8
15. Rfe1 Bg4 16. Qd2 Ne4 17. Qc2 Nxc3 18. Qxc3 Re6 19. a3 Rce8 20. Re2 Nf6 21.
Rae1 Ne4 22. Qc2 Bxf3 23. gxf3 Ng5 24. Kg2 Rf6 25. Rf1 Qd7 26. g4 g6 27. h3
Rfe6 28. Rfe1 Qd8 29. Qd2 Nh7 30. Kg3 Nf6 31. Qc2 Nd7 32. a4 Nf8 33. a5 Qd6+
34. Kg2 Qxb4 35. Qc5 Qxc5 36. dxc5 Nd7 37. Bc2 Nxc5 38. e4 d4 39. Rd2 Rd8 40.
Kg3 Red6 41. Red1 b6 42. axb6 axb6 43. Kf4 Ne6+ 44. Kg3 c5 0-1

[Event "5. ODEM U25 2008"]
[Site "Willingen GER"]
[Date "2008.05.16"]
[Round "8"]
[White "Hansch, Stephan"]
[Black "Hauffen, Kai"]
[Result "1/2-1/2"]
[Termination "normal"]
[Board "49"]
[WhiteElo "1515"]
[BlackElo "1454"]
[PlyCount "58"]
[EventCountry "GER"]
[EventRounds "9"]
[EventType "swiss"]
[EventDate "2008.05.10"]

1. e4 c5 2. Nf3 d6 3. d4 cxd4 4. Nxd4 Nf6 5. Nc3 a6 6. Be2 e6 7. O-O Be7 8. Kh1
O-O 9. Be3 b5 10. f3 Bb7 11. Qd2 Nbd7 12. a3 Qc7 13. Rad1 d5 14. exd5 Nxd5 15.
Nxd5 Bxd5 16. Bf4 Bd6 17. Bxd6 Qxd6 18. Nf5 Qc5 19. Qd4 Qxd4 20. Rxd4 Nf6 21.
Ne7+ Kh8 22. Nxd5 Nxd5 23. c4 Ne3 24. Rc1 bxc4 25. Bxc4 Rac8 26. Rc3 Nxc4 27.
Rcxc4 g6 28. h3 Kg7 29. Kh2 Rb8 1/2-1/2

[Event "5. ODEM U25 2008"]
[Site "Willingen GER"]
[Date "2008.05.16"]
[Round "8"]
[White "Reiser, Marck"]
[Black "Zhou, Wile"]
[Result "1/2-1/2"]
[Termination "normal"]
[Board "50"]
[WhiteElo "1294"]
[BlackElo "1512"]
[PlyCount "86"]
[WhiteFideId "24684678"]
[BlackFideId "4695674"]
[EventCountry "GER"]
[EventRounds "9"]
[EventType "swiss"]
[EventDate "2008.05.10"]

1. d4 Nf6 2. c4 c5 3. e3 e6 4. Nf3 g6 5. Be2 Bg7 6. Nc3 Na6 7. O-O O-O 8. Nd2
cxd4 9. exd4 Nc7 10. Nf3 d5 11. Bf4 dxc4 12. Bxc4 a6 13. Qd2 b5 14. Be2 Nfd5
15. Bh6 Nxc3 16. bxc3 Nd5 17. Qd3 Nxc3 18. Qxc3 Bxh6 19. a4 Bd7 20. axb5 Bxb5
21. Bxb5 axb5 22. Qb4 Qd5 23. Qc5 Qxc5 24. dxc5 Rxa1 25. Rxa1 Rc8 26. h3 Rxc5
27. Ra8+ Kg7 28. Ra5 Rc1+ 29. Kh2 b4 30. Rb5 Rb1 31. Rb7 Rf1 32. Kg3 Rb1 33.
Ne5 Kf6 34. Ng4+ Kg7 35. Ne5 Kg8 36. Nxf7 Bf8 37. Ng5 Bd6+ 38. Kf3 e5 39. Rxh7
e4+ 40. Ke3 Bc5+ 41. Kf4 Rf1 42. Ra7 Rxf2+ 43. Kxe4 Rxg2 1/2-1/2

[Event "5. ODEM U25 2008"]
[Site "Willingen GER"]
[Date "2008.05.16"]
[Round "8"]
[White "Hentschel, Tobias"]
[Black "Voggenreiter, Sara"]
[Result "1/2-1/2"]
[Termination "normal"]
[Board "51"]
[WhiteElo "1812"]
[BlackElo "1594"]
[PlyCount "65"]
[BlackFideId "24615358"]
[EventCountry "GER"]
[EventRounds "9"]
[EventType "swiss"]
[EventDate "2008.05.10"]

1. d4 d5 2. c4 e6 3. Nc3 Nf6 4. Nf3 c6 5. cxd5 exd5 6. Bg5 Nbd7 7. e3 Be7 8.
Bd3 O-O 9. O-O h6 10. Bxf6 Nxf6 11. Qc2 Qc7 12. h3 c5 13. dxc5 Qxc5 14. Rac1
Qd6 15. Rfd1 Qb6 16. Nd4 Be6 17. Nce2 Rac8 18. Qb3 Qxb3 19. Nxb3 Nd7 20. Nbd4
Ne5 21. Bf5 Bxf5 22. Nxf5 Bf6 23. b3 Rxc1 24. Rxc1 Nc6 25. Rd1 Rd8 26. Nf4 d4
27. exd4 Bxd4 28. Nxd4 Rxd4 29. Rxd4 Nxd4 30. Kf1 Kf8 31. Ke1 Ke7 32. Kd2 Kd6
33. Nd3 1/2-1/2

[Event "5. ODEM U25 2008"]
[Site "Willingen GER"]
[Date "2008.05.16"]
[Round "8"]
[White "Pfadenhauer, Tobias"]
[Black "Schäfer, Emma"]
[Result "1/2-1/2"]
[Termination "normal"]
[Board "52"]
[WhiteElo "1759"]
[BlackElo "1348"]
[PlyCount "95"]
[WhiteFideId "24615455"]
[BlackFideId "24659312"]
[EventCountry "GER"]
[EventRounds "9"]
[EventType "swiss"]
[EventDate "2008.05.10"]

1. e4 d5 2. exd5 Qxd5 3. Nc3 Qd6 4. d4 a6 5. Nf3 Nf6 6. Be3 Bg4 7. h3 Bh5 8.
Bc4 Nc6 9. O-O e6 10. Be2 O-O-O 11. g4 Bg6 12. a3 e5 13. dxe5 Nxe5 14. Qxd6
Bxd6 15. Rac1 h6 16. Rfd1 Rd7 17. Rd2 Rhd8 18. Ne1 Be7 19. Rcd1 Ne4 20. Rxd7
Rxd7 21. Rxd7 Kxd7 22. Nxe4 Bxe4 23. Bd4 Bf6 24. f4 Ng6 25. Bxf6 gxf6 26. Bd3
Bc6 27. f5 Nf4 28. Bf1 Be4 29. c3 b5 30. Kf2 Nd5 31. Bd3 Bxd3 32. Nxd3 Kd6 33.
Nb4 Nxb4 34. axb4 Kd5 35. b3 c5 36. Ke1 cxb4 37. cxb4 Kd4 38. Kd2 Ke4 39. Ke2
Kf4 40. Kf2 Kg5 41. Kg3 h5 42. h4+ Kh6 43. gxh5 Kxh5 44. Kh3 Kh6 45. Kg4 Kg7
46. Kh5 Kh7 47. Kg4 Kg7 48. Kf4 1/2-1/2

[Event "5. ODEM U25 2008"]
[Site "Willingen GER"]
[Date "2008.05.16"]
[Round "8"]
[White "Wachinger, David"]
[Black "Hümmecke, Aaron"]
[Result "1/2-1/2"]
[Termination "normal"]
[Board "53"]
[WhiteElo "1179"]
[BlackElo "1466"]
[PlyCount "75"]
[WhiteFideId "24692689"]
[BlackFideId "24692522"]
[EventCountry "GER"]
[EventRounds "9"]
[EventType "swiss"]
[EventDate "2008.05.10"]

1. d4 d5 2. c4 e6 3. Nc3 Nf6 4. Bg5 Nbd7 5. Nf3 c6 6. e3 Be7 7. Bd3 dxc4 8.
Bxc4 b5 9. Bd3 a6 10. O-O Bb7 11. Rc1 c5 12. Nd2 cxd4 13. exd4 e5 14. Be3 O-O
15. Re1 exd4 16. Bxd4 Bd6 17. Nde4 Nxe4 18. Bxe4 Bxe4 19. Nxe4 Be7 20. Qg4 Nf6
21. Nxf6+ Bxf6 22. Bxf6 Qxf6 23. Qe2 h6 24. b3 Rac8 25. h3 Qg5 26. Rcd1 f5 27.
Qe6+ Kh7 28. Qxa6 f4 29. Qd6 f3 30. g3 Qh5 31. Kh2 Qf5 32. Qd3 Qxd3 33. Rxd3
Rc2 34. Kg1 Rxa2 35. Rb1 Re8 36. Rxf3 Ree2 37. Kf1 b4 38. Kg2 1/2-1/2

[Event "5. ODEM U25 2008"]
[Site "Willingen GER"]
[Date "2008.05.16"]
[Round "8"]
[White "Weber, Yannik"]
[Black "Wenke, Andrea"]
[Result "1/2-1/2"]
[Termination "normal"]
[Board "54"]
[WhiteElo "1057"]
[BlackElo "1440"]
[PlyCount "45"]
[WhiteFideId "24692700"]
[BlackFideId "24677736"]
[EventCountry "GER"]
[EventRounds "9"]
[EventType "swiss"]
[EventDate "2008.05.10"]

1. d4 d6 2. c4 g6 3. Nc3 Bg7 4. e3 e5 5. Nf3 Nd7 6. Be2 f5 7. O-O e4 8. Nd2
Ngf6 9. b4 b6 10. Qb3 c6 11. Bb2 O-O 12. c5+ d5 13. cxb6 axb6 14. b5 Bb7 15.
bxc6 Bxc6 16. Bb5 Nb8 17. Bxc6 Nxc6 18. Qb5 Ne7 19. a4 Ra5 20. Qb3 Kh8 21. Ba3
Rf7 22. Rfb1 Nc8 23. h3 1/2-1/2

[Event "5. ODEM U25 2008"]
[Site "Willingen GER"]
[Date "2008.05.16"]
[Round "8"]
[White "Hager, Jason Armin"]
[Black "Wang, Julia"]
[Result "1/2-1/2"]
[Termination "normal"]
[Board "55"]
[WhiteElo "1013"]
[BlackElo "1432"]
[PlyCount "95"]
[BlackFideId "24692565"]
[EventCountry "GER"]
[EventRounds "9"]
[EventType "swiss"]
[EventDate "2008.05.10"]

1. e4 c6 2. d4 d5 3. exd5 cxd5 4. Nf3 Nc6 5. Nc3 Bf5 6. Bb5 a6 7. Ba4 b5 8. Bb3
e6 9. O-O Bd6 10. Re1 Nge7 11. Bg5 Bb4 12. Nh4 Bxc3 13. bxc3 Be4 14. f3 Bg6 15.
a4 b4 16. Qd2 Qb6 17. Bxe7 Nxe7 18. cxb4 O-O 19. a5 Qc7 20. c3 Rfc8 21. Rac1 h6
22. Nxg6 Nxg6 23. g3 Ne7 24. Qd3 Qa7 25. c4 dxc4 26. Bxc4 Nf5 27. Re4 Rab8 28.
Rxe6 Rxc4 29. Qxc4 fxe6 30. Qxe6+ Qf7 31. Rc8+ Rxc8 32. Qxc8+ Kh7 33. Qxa6 Qb3
34. Qe2 Qxb4 35. Qe4 g6 36. a6 Qa5 37. Qb7+ Kg8 38. a7 Qe1+ 39. Kg2 Ne3+ 40.
Kh3 Qf1+ 41. Kh4 g5+ 42. Kh5 Qh3+ 43. Kg6 Qe6+ 44. Kh5 Qe8+ 45. Kxh6 Qe6+ 46.
Kh5 Qh3+ 47. Kg6 Qf5+ 48. Kh6 1/2-1/2

[Event "5. ODEM U25 2008"]
[Site "Willingen GER"]
[Date "2008.05.16"]
[Round "8"]
[White "Biebinger, Eva"]
[Black "Holle, Eric"]
[Result "1-0"]
[Termination "normal"]
[Board "56"]
[WhiteElo "1429"]
[BlackElo "1400"]
[PlyCount "93"]
[BlackFideId "4624610"]
[EventCountry "GER"]
[EventRounds "9"]
[EventType "swiss"]
[EventDate "2008.05.10"]

1. c4 Nf6 2. Nc3 d5 3. cxd5 Nxd5 4. g3 c5 5. Bg2 Nc7 6. e3 e5 7. Nge2 Be7 8. b3
Be6 9. Bxb7 Nd7 10. Bxa8 Qxa8 11. e4 f5 12. d3 Nf6 13. Qc2 O-O 14. Bg5 h6 15.
Bxf6 Bxf6 16. Rc1 Bg5 17. Rb1 Na6 18. a3 Qb7 19. h4 Be7 20. O-O f4 21. Kh2 f3
22. Ng1 Bxh4 23. Qd1 Qf7 24. Qxf3 Qxf3 25. Nxf3 Rxf3 26. gxh4 Rh3+ 27. Kg1 Bg4
28. f4 Rxd3 29. Nb5 Rg3+ 30. Kh2 Re3 31. Nxa7 Rxe4 32. fxe5 Rxe5 33. Rf4 Bf5
34. Rb2 Bd7 35. Rd2 Re7 36. Rd6 Nc7 37. b4 Ne6 38. Rf2 cxb4 39. axb4 g5 40.
hxg5 Nxg5 41. Rxh6 Nh3 42. Rg2+ Kf7 43. Rh7+ Kf6 44. Rxe7 Kxe7 45. Rg7+ Ke6 46.
Kxh3 Kf6+ 47. Rxd7 1-0

[Event "5. ODEM U25 2008"]
[Site "Willingen GER"]
[Date "2008.05.16"]
[Round "8"]
[White "Neumair, Dorian"]
[Black "Kuckling, Jonas"]
[Result "1-0"]
[Termination "normal"]
[Board "58"]
[WhiteElo "1184"]
[BlackElo "1420"]
[PlyCount "159"]
[BlackFideId "24603856"]
[EventCountry "GER"]
[EventRounds "9"]
[EventType "swiss"]
[EventDate "2008.05.10"]

1. e4 c5 2. c4 e6 3. Nc3 a6 4. g3 Nc6 5. Bg2 Nf6 6. d3 Be7 7. Nge2 O-O 8. O-O
Qc7 9. a3 d6 10. f4 Rb8 11. h3 b6 12. Be3 Bb7 13. Rb1 e5 14. fxe5 dxe5 15. Bg5
Rbd8 16. Bxf6 Bxf6 17. Nd5 Qd6 18. Nec3 Ne7 19. Nxf6+ gxf6 20. Qg4+ Ng6 21.
Rbd1 Bc8 22. Qf3 Kg7 23. Nd5 f5 24. exf5 Rh8 25. fxg6 Qxg6 26. Qf6+ Qxf6 27.
Nxf6 Be6 28. b4 Bxc4 29. Be4 Be6 30. Kh2 Rd6 31. Nh5+ Kf8 32. g4 Ke7 33. Ng7
Bd7 34. Nf5+ Bxf5 35. Bxf5 Rd4 36. bxc5 bxc5 37. Rc1 Kd6 38. Be4 Ra4 39. Rc3
Ke6 40. Ra1 Kd6 41. Rc4 Rxc4 42. dxc4 h5 43. Kg3 hxg4 44. Kxg4 Rg8+ 45. Kf5 Rg3
46. h4 Rh3 47. Kg4 Rc3 48. Bd5 f6 49. h5 Rc2 50. Kf5 Rh2 51. Kg6 f5 52. h6 e4
53. h7 e3 54. Kg7 Ke5 55. h8=Q Rxh8 56. Kxh8 f4 57. Bf3 Kd4 58. Rc1 Kd3 59. Kg7
Kd2 60. Rd1+ Kc3 61. Kf6 Kxc4 62. Ke5 Kb3 63. Kxf4 c4 64. Kxe3 c3 65. Kd3 Kb2
66. a4 c2 67. Rh1 c1=Q 68. Rxc1 Kxc1 69. Kc4 Kd2 70. Bc6 Ke3 71. Kc5 a5 72. Kb5
Kd4 73. Bh1 Ke5 74. Kxa5 Kd6 75. Kb6 Kd7 76. Kb7 Kd6 77. a5 Kc5 78. a6 Kb4 79.
a7 Kc5 80. a8=Q 1-0

[Event "5. ODEM U25 2008"]
[Site "Willingen GER"]
[Date "2008.05.16"]
[Round "8"]
[White "Glatting, Lisa"]
[Black "Biefel, Christian"]
[Result "1/2-1/2"]
[Termination "normal"]
[Board "59"]
[WhiteElo "1762"]
[BlackElo "1239"]
[PlyCount "81"]
[WhiteFideId "24667617"]
[BlackFideId "24692646"]
[EventCountry "GER"]
[EventRounds "9"]
[EventType "swiss"]
[EventDate "2008.05.10"]

1. e4 e5 2. Nf3 Nc6 3. Bc4 Bc5 4. Nc3 d6 5. h3 Nf6 6. O-O O-O 7. d3 Be6 8. Bb3
a6 9. Bg5 h6 10. Bh4 Nd4 11. Rb1 c6 12. Nxd4 Bxd4 13. Qf3 Kh7 14. Qe2 Qe7 15.
Nd1 Bxb3 16. axb3 Qe6 17. Ne3 b5 18. Kh2 b4 19. Bg3 Nd7 20. f4 exf4 21. Rxf4
Be5 22. Rf3 a5 23. Bxe5 Qxe5+ 24. Kh1 a4 25. bxa4 Rxa4 26. Qf2 Kg8 27. Nc4 Qe6
28. Qg3 Ne5 29. Nxe5 Qxe5 30. Qf2 c5 31. Rf5 Qe6 32. Rd5 Ra6 33. Rf1 Ra2 34.
Rb1 Ra6 35. Qf4 Re8 36. Rf1 Rf8 37. Qg3 Re8 38. Qf3 Rf8 39. Qe2 Ra2 40. Rb1 Re8
41. Qf2 1/2-1/2

[Event "5. ODEM U25 2008"]
[Site "Willingen GER"]
[Date "2008.05.16"]
[Round "8"]
[White "Bui, Ha Trang"]
[Black "Arnold, Sebastian"]
[Result "0-1"]
[Termination "normal"]
[Board "60"]
[WhiteElo "774"]
[BlackElo "1366"]
[PlyCount "44"]
[BlackFideId "24692603"]
[EventCountry "GER"]
[EventRounds "9"]
[EventType "swiss"]
[EventDate "2008.05.10"]

1. e4 e5 2. Nf3 Nc6 3. Bc4 Bc5 4. c3 Nf6 5. d3 d6 6. O-O Be6 7. Bb3 h6 8. h3
Qd7 9. Re1 O-O-O 10. d4 Bxb3 11. axb3 exd4 12. cxd4 Bb6 13. Be3 d5 14. e5 Ne4
15. Nbd2 f5 16. Nf1 Rdg8 17. g3 g5 18. N1h2 f4 19. Bc1 fxg3 20. fxg3 Qxh3 21.
g4 Qg3+ 22. Kh1 Nf2# 0-1

[Event "5. ODEM U25 2008"]
[Site "Willingen GER"]
[Date "2008.05.16"]
[Round "8"]
[White "Reksten, Anne"]
[Black "Alt, Elisabeth"]
[Result "1-0"]
[Termination "normal"]
[Board "61"]
[WhiteElo "807"]
[BlackElo "1275"]
[PlyCount "65"]
[WhiteFideId "24692778"]
[BlackFideId "24692620"]
[EventCountry "GER"]
[EventRounds "9"]
[EventType "swiss"]
[EventDate "2008.05.10"]

1. c4 Nf6 2. Nc3 d5 3. b3 c5 4. e3 Nc6 5. Nge2 e5 6. g3 Be6 7. d3 Be7 8. Bg2
O-O 9. O-O Qd7 10. Bb2 Rac8 11. f4 Bh3 12. Rf2 Bxg2 13. Kxg2 Ng4 14. Rf3 dxc4
15. bxc4 Rfd8 16. Nd5 Qd6 17. h3 Nf6 18. e4 Nxd5 19. cxd5 Nd4 20. Nxd4 cxd4 21.
Rf2 Bf6 22. Qb3 Qb6 23. Qxb6 axb6 24. Rb1 b5 25. Ba3 Rc3 26. Bc1 Rxd3 27. Rxb5
Rb8 28. Rc2 Rc3 29. Rxc3 dxc3 30. Rc5 exf4 31. gxf4 Ra8 32. Kg3 Rxa2 33. Rc8+
1-0

[Event "5. ODEM U25 2008"]
[Site "Willingen GER"]
[Date "2008.05.16"]
[Round "8"]
[White "Kreyssig, Bruno"]
[Black "Hager, Julius"]
[Result "1/2-1/2"]
[Termination "normal"]
[Board "62"]
[WhiteElo "1034"]
[BlackElo "901"]
[PlyCount "51"]
[WhiteFideId "4692489"]
[EventCountry "GER"]
[EventRounds "9"]
[EventType "swiss"]
[EventDate "2008.05.10"]

1. e4 e5 2. Nf3 Nf6 3. Nc3 Bc5 4. Bc4 d6 5. d3 O-O 6. Bg5 c6 7. O-O Re8 8. Re1
Nbd7 9. Rb1 Nf8 10. Ne2 Ng6 11. Ng3 h6 12. Bh4 Nxh4 13. Nxh4 Be6 14. Bb3 d5 15.
exd5 Bxd5 16. Bxd5 cxd5 17. c3 Qb6 18. Re2 Ng4 19. Nh1 e4 20. d4 Bd6 21. Ng3
Bf4 22. h3 Nf6 23. Rc1 Bxc1 24. Qxc1 Re6 25. Qe1 Ree8 26. Nhf5 1/2-1/2

[Event "5. ODEM U25 2008"]
[Site "Willingen GER"]
[Date "2008.05.16"]
[Round "8"]
[White "Nake, Marianne"]
[Black "Kilic, Ahmet"]
[Result "1-0"]
[Termination "normal"]
[Board "63"]
[WhiteElo "1427"]
[BlackElo "1171"]
[PlyCount "29"]
[EventCountry "GER"]
[EventRounds "9"]
[EventType "swiss"]
[EventDate "2008.05.10"]

1. e4 Nf6 2. Nc3 e5 3. Nf3 Nc6 4. Bc4 Bc5 5. O-O d6 6. d3 Bg4 7. Bg5 O-O 8. Nd5
Rb8 9. h3 Be6 10. Nxf6+ gxf6 11. Bh6 Re8 12. Bxe6 Rxe6 13. Nd4 Bxd4 14. Qg4+
Kh8 15. Qg7# 1-0

[Event "5. ODEM U25 2008"]
[Site "Willingen GER"]
[Date "2008.05.16"]
[Round "8"]
[White "Lang, Jan-Hendrik"]
[Black "Holle, Niklas"]
[Result "1-0"]
[Termination "normal"]
[Board "66"]
[WhiteElo "982"]
[BlackElo "700"]
[PlyCount "31"]
[EventCountry "GER"]
[EventRounds "9"]
[EventType "swiss"]
[EventDate "2008.05.10"]

1. e4 e5 2. Nf3 Nc6 3. Nc3 Nf6 4. d4 exd4 5. Nxd4 Nxd4 6. Qxd4 b6 7. Bg5 Bc5 8.
Qd2 O-O 9. O-O-O h6 10. Bh4 b5 11. e5 b4 12. Nd5 c6 13. Nxf6+ gxf6 14. Bxf6 Qb6
15. Qxh6 b3 16. Qh8# 1-0

[Event "5. ODEM U25 2008"]
[Site "Willingen GER"]
[Date "2008.05.17"]
[Round "9"]
[White "Figura, Atila Gajo"]
[Black "Bömelburg, Raphael"]
[Result "1-0"]
[Termination "normal"]
[Board "1"]
[WhiteTitle "FM"]
[WhiteElo "2405"]
[BlackElo "1852"]
[PlyCount "85"]
[WhiteFideId "4688058"]
[BlackFideId "24692441"]
[EventCountry "GER"]
[EventRounds "9"]
[EventType "swiss"]
[EventDate "2008.05.10"]

1. d4 Nf6 2. Bg5 g6 3. Nd2 c5 4. Bxf6 exf6 5. dxc5 Bg7 6. c3 f5 7. e3 Qe7 8.
Nb3 f4 9. Qe2 fxe3 10. Qxe3 Qxe3+ 11. fxe3 Bh6 12. Kf2 O-O 13. Nf3 Re8 14. Re1
a5 15. a4 Na6 16. Bc4 Bf8 17. Ng5 Kg7 18. Bxa6 Rxa6 19. Nf3 Re4 20. Ra1 b6 21.
Nbd2 Re8 22. cxb6 d5 23. Nd4 Rxb6 24. b3 Ba6 25. N2f3 f5 26. h4 h5 27. Ng5 Bc5
28. Rab1 Kf6 29. Nh3 Bxd4 30. cxd4 Bd3 31. Nf4 Be4 32. Rbc1 Rxb3 33. Rc6+ Kf7
34. Rh3 Rb2+ 35. Kg1 Ra2 36. Rg3 Rg8 37. Rc7+ Kf6 38. Nxh5+ Ke6 39. Nf4+ Kf6
40. Rc6+ Kf7 41. Nxg6 Rxg6 42. Rgxg6 Rxa4 43. h5 1-0